000
00278nam a22001217a 4500
008
171201b xxu||||| |||| 00| 0 eng d
041
_a
eng
080
_a
316
100
_a
50
101
_a
soc
245
_a
MAIN CURRENTS IN SOCIOLOGICAL THOUGHT II
_c
DURKHEIM
942
_2
udc
_c
BK
999
_c
38682
_d
38682